| 000 | 00538nam a2200181Ia 4500 | ||
|---|---|---|---|
| 008 | 090123s9999 xx 000 0 und d | ||
| 082 | _b12126 | ||
| 100 | _aवाजपेयी प्रेम | ||
| 245 | _aआग और गुलाब | ||
| 250 | _a1 | ||
| 260 |
_bअभिनव प्र. _c1986 |
||
| 300 | _a156 | ||
| 600 | _aवाजपेयी प्रेम | ||
| 630 | _aआग और गुलाब | ||
| 700 | _aवाजपेयी प्रेम | ||
| 730 | _aआग और गुलाब | ||
| 942 | _cBOOK | ||
| 999 |
_c50190 _d50190 |
||